[Event "Pan American-ch School U13 12th"]
[Site "Callao"]
[Date "2023.10.21"]
[Round "9"]
[White "Cardenas Huachaca, Alessandro Jair"]
[Black "Levano Loayza, Adriano Jaffet"]
[Result "1-0"]
[WhiteElo "1316"]
[BlackElo "1492"]
[PlyCount "147"]
[EventDate "2023.10.16"]
[EventType "swiss"]
[EventRounds "9"]
[EventCountry "PER"]
[SourceTitle "Mega2024 Update 01"]
[Source "Chessbase"]
[SourceDate "2023.11.12"]
[SourceVersion "1"]
[SourceVersionDate "2023.11.12"]
[SourceQuality "1"]

1. d4 d5 2. c4 e6 3. Nc3 Nf6 4. Bg5 Nbd7 5. e3 c6 6. cxd5 exd5 7. Bd3 Be7 8. Nge2 0-0 9. 0-0 Ne4 10. Bxe7 Qxe7 11. Nxe4 dxe4 12. Bc4 Nf6 13. Nc3 Be6 14. Qb3 Bxc4 15. Qxc4 Qd6 16. h3 b5 17. Qb3 a6 18. Rac1 Rac8 19. Rfd1 Rfd8 20. a3 h6 21. Qc2 Qe6 22. b4 Re8 23. Nb1 Nd5 24. Nd2 Nb6 25. Qb1 Ra8 26. Rc5 Nd7 27. Rc2 a5 28. Rdc1 Rec8 29. Nb3 axb4 30. axb4 Ra4 31. Na5 Nb8 32. Rc5 Qa2 33. Qxa2 Rxa2 34. Rxb5 Kh7 35. Rb6 Nd7 36. Rbxc6 Rxc6 37. Nxc6 Rb2 38. f3 Nf6 39. fxe4 Nxe4 40. Rd1 Nc3 41. Rd3 Nd5 42. g3 Nxb4 43. Nxb4 Rxb4 44. d5 Rb7 45. Kf2 Kg6 46. Kf3 Kf5 47. Rd4 Ke5 48. Rd1 Rd7 49. e4 f5 50. exf5 Kxf5 51. d6 Ke6 52. Kf4 Rxd6 53. Rxd6+ Kxd6 54. Kf5 Ke7 55. Kg6 Kf8 56. Kh7 Kf7 57. g4 Kf6 58. h4 Kf7 59. g5 h5 60. Kh8 Kg6 61. Kg8 Kf5 62. Kxg7 Kg4 63. g6 Kxh4 64. Kf7 Kh3 65. g7 h4 66. g8Q Kh2 67. Qb8+ Kg2 68. Qb7+ Kh2 69. Qc7+ Kg2 70. Qc6+ Kh2 71. Qd6+ Kg2 72. Qd5+ Kh2 73. Qe5+ Kg2 74. Qe4+ 1-0

[Event "Pan American-ch School U13 12th"]
[Site "Callao"]
[Date "2023.10.17"]
[Round "3"]
[White "Cardenas Huachaca, Alessandro Jair"]
[Black "Arevalo Tito, Diego Andre"]
[Result "0-1"]
[WhiteElo "1316"]
[BlackElo "1174"]
[PlyCount "68"]
[EventDate "2023.10.16"]
[EventType "swiss"]
[EventRounds "9"]
[EventCountry "PER"]
[SourceTitle "Mega2024 Update 01"]
[Source "Chessbase"]
[SourceDate "2023.11.12"]
[SourceVersion "1"]
[SourceVersionDate "2023.11.12"]
[SourceQuality "1"]

1. d4 d5 2. c4 e6 3. Nc3 Nf6 4. Bg5 Be7 5. e3 0-0 6. cxd5 exd5 7. Bd3 b6 8. Nge2 Bb7 9. 0-0 Nbd7 10. Qc2 c5 11. f3 Re8 12. Bh4 Bd6 13. Bxh7+ Kh8 14. Bd3 Rxe3 15. Bf2 Re8 16. g4 Rc8 17. Qd2 cxd4 18. Nxd4 Ne5 19. Bb5 Rf8 20. Bh4 Ng6 21. Bg5 Qc7 22. Bxf6 Bf4 23. Bxg7+ Kxg7 24. Nf5+ Kg8 25. Qf2 a6 26. Bd3 Rfe8 27. Rfe1 Ne5 28. Bf1 Bxh2+ 29. Kh1 Bf4 30. Rad1 Rcd8 31. Rd4 Ng6 32. Rxe8+ Rxe8 33. Be2 Qe5 34. Qf1 Qh8+ 0-1

[Event "Pan American-ch School U13 12th"]
[Site "Callao"]
[Date "2023.10.16"]
[Round "2"]
[White "Zhong, Ryan Yunhui"]
[Black "Cardenas Huachaca, Alessandro Jair"]
[Result "1-0"]
[WhiteElo "1858"]
[BlackElo "1316"]
[PlyCount "57"]
[EventDate "2023.10.16"]
[EventType "swiss"]
[EventRounds "9"]
[EventCountry "PER"]
[SourceTitle "Mega2024 Update 01"]
[Source "Chessbase"]
[SourceDate "2023.11.12"]
[SourceVersion "1"]
[SourceVersionDate "2023.11.12"]
[SourceQuality "1"]

1. e4 c5 2. Nf3 d6 3. Bb5+ Bd7 4. Bxd7+ Qxd7 5. 0-0 Nc6 6. c3 Nf6 7. Re1 g6 8. d4 cxd4 9. cxd4 d5 10. e5 Ne4 11. Nbd2 Nxd2 12. Bxd2 Bg7 13. h4 h5 14. e6 fxe6 15. Qc2 0-0-0 16. Bf4 Rdf8 17. Be5 Rhg8 18. b4 Kd8 19. Bxg7 Rxg7 20. b5 Na5 21. Qa4 b6 22. Ne5 Qd6 23. Rac1 g5 24. Re3 Rf4 25. Rec3 Nc4 26. Qxa7 Qc7 27. Qa6 Rxh4 28. Rxc4 dxc4 29. Rxc4 1-0

[Event "PER-ch"]
[Site "Lima"]
[Date "2023.09.03"]
[Round "9"]
[White "Cardenas Huachaca, Alessandro Jair"]
[Black "Sanchez Sanchez, Leonardo Daniel"]
[Result "1/2-1/2"]
[WhiteElo "1337"]
[BlackElo "1136"]
[PlyCount "57"]
[EventDate "2023.08.29"]
[EventType "swiss"]
[EventRounds "9"]
[EventCountry "PER"]
[SourceTitle "EXT 2024"]
[Source "ChessBase"]
[SourceDate "2023.10.10"]
[SourceVersion "1"]
[SourceVersionDate "2023.10.10"]
[SourceQuality "1"]

1. d4 Nf6 2. c4 g6 3. Nc3 d5 4. g3 Bg7 5. Bg2 c6 6. cxd5 cxd5 7. Qb3 Nc6 8. Nf3 0-0 9. 0-0 Ne4 10. Be3 Kh8 11. Kh1 e6 12. Qd1 f5 13. a3 b6 14. Qd3 Na5 15. Nd1 Bd7 16. b3 a6 17. Nd2 Bb5 18. Qb1 Bxe2 19. Re1 Bxd1 20. Qxd1 Nxd2 21. Bxd2 Nc6 22. Bc3 Re8 23. Re2 Qd6 24. f4 Kg8 25. Qd3 Kf7 26. Bb2 Ra7 27. Rae1 Bf6 28. Bf3 h5 29. h4 1/2-1/2

[Event "PER-ch"]
[Site "Lima"]
[Date "2023.09.02"]
[Round "7"]
[White "Cardenas Huachaca, Alessandro Jair"]
[Black "Chesa Horiuchi, Nikolas Gabriel"]
[Result "0-1"]
[WhiteElo "1337"]
[BlackElo "1209"]
[PlyCount "54"]
[EventDate "2023.08.29"]
[EventType "swiss"]
[EventRounds "9"]
[EventCountry "PER"]
[SourceTitle "EXT 2024"]
[Source "ChessBase"]
[SourceDate "2023.10.10"]
[SourceVersion "1"]
[SourceVersionDate "2023.10.10"]
[SourceQuality "1"]

1. d4 d5 2. c4 e6 3. Nc3 Nf6 4. Bg5 c6 5. cxd5 exd5 6. e3 Bb4 7. Bxf6 Qxf6 8. a3 Bd6 9. Bd3 0-0 10. Qc2 h6 11. 0-0-0 b5 12. a4 b4 13. Nb1 Be6 14. Nd2 Rc8 15. e4 c5 16. e5 Qd8 17. exd6 cxd4 18. Nc4 dxc4 19. Be4 d3 20. Qb1 Nc6 21. b3 Nd4 22. bxc4 Rxc4+ 23. Kd2 Qg5+ 24. Ke1 Nc2+ 25. Kf1 Rxe4 26. Nf3 Qc5 27. g3 Re2 0-1

[Event "PER-ch"]
[Site "Lima"]
[Date "2023.09.02"]
[Round "6"]
[White "Cornelio Argumedo, Yamil"]
[Black "Cardenas Huachaca, Alessandro Jair"]
[Result "1-0"]
[WhiteElo "1788"]
[BlackElo "1337"]
[PlyCount "73"]
[EventDate "2023.08.29"]
[EventType "swiss"]
[EventRounds "9"]
[EventCountry "PER"]
[SourceTitle "EXT 2024"]
[Source "ChessBase"]
[SourceDate "2023.10.10"]
[SourceVersion "1"]
[SourceVersionDate "2023.10.10"]
[SourceQuality "1"]

1. d4 Nf6 2. Bg5 Ne4 3. Bf4 d5 4. e3 Bf5 5. Nd2 e6 6. h4 h5 7. Be2 Nxd2 8. Qxd2 Bd6 9. 0-0-0 Bxf4 10. exf4 Nc6 11. f3 Ne7 12. g4 Bg6 13. Qe3 Qd7 14. Bd3 0-0-0 15. Ne2 f5 16. g5 Bf7 17. Kb1 g6 18. Nc1 Qd6 19. Rhe1 Kb8 20. Re2 Rhe8 21. c3 c6 22. b4 b5 23. a4 a6 24. Ra2 Kb7 25. Nb3 Ra8 26. Kb2 Nc8 27. Nc5+ Kb8 28. Rda1 Ra7 29. Qe2 Ree7 30. axb5 axb5 31. Ra6 Qc7 32. Rxa7 Nxa7 33. Na6+ Kc8 34. Nxc7 Rxc7 35. Qe5 Kd8 36. Qxc7+ Kxc7 37. Rxa7+ 1-0

[Event "PER-ch"]
[Site "Lima"]
[Date "2023.08.30"]
[Round "3"]
[White "Cardenas Huachaca, Alessandro Jair"]
[Black "Zapata Romero, Italo German"]
[Result "0-1"]
[WhiteElo "1337"]
[BlackElo "1544"]
[PlyCount "76"]
[EventDate "2023.08.29"]
[EventType "swiss"]
[EventRounds "9"]
[EventCountry "PER"]
[SourceTitle "EXT 2024"]
[Source "ChessBase"]
[SourceDate "2023.10.10"]
[SourceVersion "1"]
[SourceVersionDate "2023.10.10"]
[SourceQuality "1"]

1. d4 Nf6 2. c4 g6 3. Nc3 d5 4. Nf3 Bg7 5. Bf4 c6 6. e3 Nbd7 7. cxd5 cxd5 8. Bd3 0-0 9. 0-0 b6 10. Rc1 Bb7 11. b4 Nh5 12. Bg5 h6 13. Bh4 Rc8 14. Nd2 Qe8 15. f3 e5 16. Nb3 exd4 17. exd4 Qe3+ 18. Bf2 Qg5 19. Qd2 Qxd2 20. Nxd2 Nf4 21. Bb5 Nb8 22. Be3 a6 23. Ne2 Nxe2+ 24. Bxe2 Rce8 25. Kf2 Re7 26. Nb3 Rfe8 27. Rc3 Nc6 28. Rd1 Nxb4 29. a3 Na2 30. Rcd3 a5 31. Na1 Ba6 32. Rb3 Bc4 33. Bxc4 dxc4 34. Rb2 Nc3 35. Re1 Rxe3 36. Rxe3 Nd1+ 37. Ke2 Nxe3 38. Rxb6 Nd5+ 0-1

[Event "Las Americas Team op U2400 Hybrid"]
[Site "Internet"]
[Date "2022.05.14"]
[Round "4.3"]
[White "Leon De Canha, Yassell Arianne"]
[Black "Cardenas Huachaca, Alessandro Jair"]
[Result "0-1"]
[WhiteElo "1190"]
[BlackElo "1279"]
[PlyCount "54"]
[EventDate "2022.05.14"]
[EventType "team-swiss"]
[EventRounds "5"]
[EventCountry "VEN"]
[SourceTitle "EXT 2023"]
[Source "ChessBase"]
[SourceDate "2022.10.05"]
[SourceVersion "1"]
[SourceVersionDate "2022.10.05"]
[SourceQuality "1"]

1. d4 Nf6 2. Bf4 g6 3. Nf3 Bg7 4. e3 d6 5. c4 0-0 6. Nc3 Bf5 7. Bd3 Bxd3 8. Qxd3 Nh5 9. Bg3 Nd7 10. 0-0 Nxg3 11. fxg3 e5 12. d5 Nc5 13. Qc2 f5 14. Ne2 Bh6 15. Qc3 Ne4 16. Qc1 Rf7 17. Nc3 Nf6 18. h3 Qd7 19. Qe1 Re8 20. Qf2 Ne4 21. Nxe4 fxe4 22. Nxe5 dxe5 23. Qxf7+ Qxf7 24. Rxf7 Kxf7 25. Kf2 a5 26. Rd1 Rd8 27. c5 Bf8 0-1

[Event "Pan American-ch Hybrid U12 31st"]
[Site "Tornelo INT"]
[Date "2021.09.04"]
[Round "6"]
[White "Mendoza Insunza, Miguel Angel"]
[Black "Cardenas Huachaca, Alessandro Jair"]
[Result "1-0"]
[WhiteElo "1352"]
[BlackElo "1012"]
[PlyCount "99"]
[EventDate "2021.09.04"]
[EventType "swiss"]
[EventRounds "9"]
[EventCountry "NET"]
[SourceTitle "EXT 2023"]
[Source "ChessBase"]
[SourceDate "2022.10.05"]
[SourceVersion "1"]
[SourceVersionDate "2022.10.05"]
[SourceQuality "1"]

1. e4 c5 2. g3 Nc6 3. Bg2 g6 4. Ne2 Bg7 5. 0-0 Nf6 6. c3 e5 7. d3 0-0 8. Be3 d6 9. h3 Ne8 10. f4 f5 11. Nd2 Be6 12. Kh2 Qe7 13. a3 Nc7 14. b4 Rab8 15. Rb1 Nd8 16. d4 cxd4 17. cxd4 a6 18. dxe5 dxe5 19. Nb3 Nc6 20. Nc5 Rfd8 21. Qa4 b5 22. Qc2 Bc4 23. Rfd1 h5 24. h4 Kh7 25. Nc1 Rxd1 26. Qxd1 Bf7 27. N1b3 Bh6 28. Qf3 exf4 29. Bxf4 Bxf4 30. Qxf4 Qe5 31. exf5 Qxf4 32. gxf4 Bxb3 33. fxg6+ Kxg6 34. Rxb3 Nd4 35. Rd3 Rd8 36. Be4+ Kf6 37. Nb7 Rd7 38. Bc6 Re7 39. Rxd4 Re2+ 40. Kg3 Re3+ 41. Bf3 Rxa3 42. Rd6+ Kf5 43. Rd7 Ne6 44. Nd6+ Kf6 45. Rf7+ Kg6 46. f5+ Kh6 47. fxe6 Kg6 48. Kf4 Rb3 49. Be4+ Kh6 50. Rh7# 1-0

[Event "Pan American-ch Hybrid U12 31st"]
[Site "Tornelo INT"]
[Date "2021.09.04"]
[Round "8"]
[White "Murray, Zachary"]
[Black "Cardenas Huachaca, Alessandro Jair"]
[Result "0-1"]
[WhiteElo "1323"]
[BlackElo "1012"]
[PlyCount "75"]
[EventDate "2021.09.04"]
[EventType "swiss"]
[EventRounds "9"]
[EventCountry "NET"]
[SourceTitle "EXT 2023"]
[Source "ChessBase"]
[SourceDate "2022.10.05"]
[SourceVersion "1"]
[SourceVersionDate "2022.10.05"]
[SourceQuality "1"]

1. e4 c5 2. c3 Nc6 3. d4 d5 4. e5 cxd4 5. cxd4 Bf5 6. Nf3 e6 7. Bd2 Qb6 8. Qb3 Nge7 9. Qxb6 axb6 10. Bb5 Bg4 11. Nc3 Bxf3 12. gxf3 Nf5 13. Be3 Ra5 14. Ke2 Bb4 15. Na4 Rxb5 16. a3 Nfxd4+ 17. Bxd4 Nxd4+ 18. Kd3 Nb3 19. axb4 Nxa1 20. Rxa1 Rxb4 21. Nxb6 0-0 22. Na4 Ra8 23. Rc1 Rbxa4 24. Ke2 h6 25. Kf1 Ra2 26. Kg2 Rxb2 27. Rc7 Raa2 28. Rxb7 Rxb7 29. h3 d4 30. f4 d3 31. f5 exf5 32. h4 d2 33. e6 fxe6 34. h5 Rb3 35. Kh2 d1Q 36. Kg2 Qf3+ 37. Kg1 Qxf2+ 38. Kh1 0-1